[Event "Belgrade Winter op"]
[Site "Belgrade"]
[Date "2011.01.25"]
[Round "4"]
[White "Sekularac, Andrej"]
[Black "Skare, Goran"]
[Result "0-1"]
[WhiteElo "2097"]
[BlackElo "2279"]
[PlyCount "54"]
[EventDate "2011.01.22"]
[EventType "swiss"]
[EventRounds "9"]
[EventCountry "SRB"]
[SourceTitle "CBM 140 Extra"]
[Source "ChessBase"]
[SourceDate "2011.03.01"]
[SourceVersion "1"]
[SourceVersionDate "2011.03.01"]
[SourceQuality "1"]

1. e4 e6 2. d4 d5 3. e5 c5 4. c3 Nc6 5. Nf3 Bd7 6. a3 c4 7. Be3 Na5 8. Nbd2 Bc6 9. Be2 Qd7 10. 0-0 Ba4 11. Qc1 0-0-0 12. Bd1 Kb8 13. Bc2 h6 14. Qd1 Bxc2 15. Qxc2 Ne7 16. a4 Ka8 17. b3 cxb3 18. Nxb3 Nec6 19. Nfd2 Rc8 20. Qa2 Be7 21. Rab1 Rc7 22. Rfd1 Rhc8 23. c4 Nb4 24. Qb2 Nxc4 25. Nxc4 Rxc4 26. Nc5 Bxc5 27. dxc5 Nc2 0-1

[Event "Belgrade-ch"]
[Site "Belgrade"]
[Date "2010.01.29"]
[Round "7"]
[White "Sekularac, Andrej"]
[Black "Stamatovic, Aleksandar"]
[Result "0-1"]
[WhiteElo "2104"]
[BlackElo "2207"]
[PlyCount "46"]
[EventDate "2010.01.23"]
[EventType "swiss"]
[EventRounds "9"]
[EventCountry "YUG"]
[SourceTitle "CBM 134 Extra"]
[Source "ChessBase"]
[SourceDate "2010.03.03"]
[SourceVersion "1"]
[SourceVersionDate "2010.03.03"]
[SourceQuality "1"]

1. e4 d5 2. exd5 Nf6 3. Nc3 Nxd5 4. Nf3 g6 5. Bc4 Nb6 6. Be2 Bg7 7. 0-0 0-0 8. d3 Nc6 9. Be3 Nd5 10. Nxd5 Qxd5 11. c4 Qd7 12. d4 e5 13. d5 Ne7 14. Qb3 Nf5 15. Bc5 Re8 16. Rfd1 b6 17. Bb4 e4 18. Ng5 Nd4 19. Rxd4 Bxd4 20. Rd1 Bf6 21. Nh3 Qf5 22. c5 bxc5 23. Bxc5 Bd7 0-1

[Event "Belgrade-ch"]
[Site "Belgrade"]
[Date "2010.01.24"]
[Round "2"]
[White "Ravic, Nenad"]
[Black "Sekularac, Andrej"]
[Result "1-0"]
[WhiteElo "2272"]
[BlackElo "2104"]
[PlyCount "87"]
[EventDate "2010.01.23"]
[EventType "swiss"]
[EventRounds "9"]
[EventCountry "YUG"]
[SourceTitle "CBM 134 Extra"]
[Source "ChessBase"]
[SourceDate "2010.03.03"]
[SourceVersion "1"]
[SourceVersionDate "2010.03.03"]
[SourceQuality "1"]

1. e4 c5 2. Nf3 d6 3. d4 cxd4 4. Nxd4 Nf6 5. Nc3 a6 6. Bc4 e6 7. Bb3 Be7 8. Bg5 0-0 9. Qf3 Qc7 10. 0-0-0 Bd7 11. Rhe1 Re8 12. Qg3 b5 13. a3 Qc5 14. e5 dxe5 15. Rxe5 Qc8 16. Nf5 exf5 17. Rxe7 f4 18. Rxe8+ Bxe8 19. Qxf4 Nbd7 20. Nd5 Nxd5 21. Bxd5 Rb8 22. Bxf7+ Bxf7 23. Rxd7 Qxd7 24. Qxb8+ Qe8 25. Qxe8+ Bxe8 26. Kd2 h5 27. Ke3 Bc6 28. c3 Kf7 29. Kd4 Ke6 30. Kc5 Be4 31. f3 Bd3 32. Kb6 Kd7 33. Kxa6 Kc6 34. Ka5 Bf1 35. g3 Be2 36. f4 g6 37. Kb4 Bd1 38. b3 Be2 39. a4 bxa4 40. Kxa4 Bd1 41. Kb4 Be2 42. c4 Bf1 43. Kc3 Bg2 44. b4 1-0

[Event "SRB Central-ch"]
[Site "Vrnjacka Banja"]
[Date "2008.11.11"]
[Round "5"]
[White "Misojcic, Miroslav"]
[Black "Sekularac, Andrej"]
[Result "1-0"]
[WhiteElo "2221"]
[BlackElo "2134"]
[PlyCount "66"]
[EventDate "2008.11.08"]
[EventType "swiss"]
[EventRounds "9"]
[EventCountry "YUG"]
[SourceTitle "EXT 2010"]
[Source "ChessBase"]
[SourceDate "2010.11.25"]
[SourceVersion "1"]
[SourceVersionDate "2010.11.25"]
[SourceQuality "1"]

1. d4 Nf6 2. c4 d6 3. Nf3 Nbd7 4. Nc3 e5 5. e4 Be7 6. Be2 0-0 7. 0-0 c6 8. Re1 Qc7 9. Bf1 Re8 10. Rb1 Nf8 11. h3 Bd7 12. a3 Ng6 13. b4 h6 14. g3 Bf8 15. Bg2 Rac8 16. Bb2 Qb8 17. Rc1 Red8 18. Qb3 exd4 19. Nxd4 Ne5 20. Rcd1 c5 21. bxc5 Rxc5 22. Nd5 Ne8 23. Ne3 Qc8 24. Rc1 Bxh3 25. f4 Bxg2 26. Kxg2 Nc6 27. Ndf5 Qe6 28. Nd5 Rc8 29. Qd3 Qg6 30. Rh1 Nc7 31. Bxg7 Nxd5 32. cxd5 Nb4 33. Rxc5 Rxc5 1-0